000 00670cam a22002173a 4500
001 35163
003 PGUSA
005 20140828083746.0
008 110204s2011||||xxu|||||s|||||000 | eng d
040 _aPGUSA
_beng
042 _adc
100 1 _aAusten, Jane,
_d1775-1817
245 1 0 _aRaison et sensibilité (tome troisième) :
_bou les deux manières d'aimer
_h[electronic resource] /
_cJane Austen
260 _bProject Gutenberg,
_c2011
506 _aPublic domain in the USA.
516 _aElectronic text
700 1 _aMontolieu, Isabelle de,
_d1751-1832
830 0 _aProject Gutenberg
_v35163
856 4 0 _uhttp://www.gutenberg.org/ebooks/35163
942 _cEB
999 _c264418
_d264418